Palabras que permanecen, palabras por venir: micropolítica y poética en psicoterapia
Guardat en:
| Autor principal: | |
|---|---|
| Format: | Llibre |
| Idioma: | espanyol |
| Publicat: |
Barcelona
Gedisa
2010
|
| Edició: | 1a. ed |
| Matèries: | |
| Etiquetes: |
Afegir etiqueta
Sense etiquetes, Sigues el primer a etiquetar aquest registre!
|
MARC
| LEADER | 00000nam a2200000 a 4500 | ||
|---|---|---|---|
| 001 | UCG7010 | ||
| 003 | CL-VaPUC | ||
| 008 | 110609e20100200SP |||||||||||||||||spa|d | ||
| 020 | |a 9788497843287 | ||
| 082 | 0 | 4 | |a 150.195 |b PAK |2 21 |
| 100 | |a Pakman, Marcelo |e autor |9 557533 | ||
| 245 | 1 | 0 | |a Palabras que permanecen, palabras por venir: micropolítica y poética en psicoterapia |
| 250 | |a 1a. ed | ||
| 300 | |a 470 p | ||
| 942 | |c BK | ||
| 945 | |d 20110609 00:00:00 |a dcastane | ||
| 260 | |a Barcelona |b Gedisa |c 2010 | ||
| 650 | 7 | |a PSICOTERAPIA |2 CL-VaPUC |9 557534 | |
| 650 | 7 | |a SUBCONCIENCIA |2 CL-VaPUC |9 547115 | |
| 650 | 0 | |a Poética |9 266624 | |
| 650 | 0 | |a Psicoanálisis |9 265702 | |
| 583 | |a last modification |c 20110609 00:00:00 |k Rodrigo Vera | ||
| 999 | |c 345114 |d 345112 | ||
| 952 | |0 0 |1 0 |4 0 |6 150_195000000000000_PAK_2010 |7 0 |8 A |9 443580 |a BIBEDU |b BIBEDU |d 2019-11-22 |i 4783611 |o 150.195 PAK 2010 |p 4783611 |r 2019-11-22 |w 2019-11-22 |y BK |k PSI | ||